भारतीय स्वतंत्रता संग्राम के अमर पुरोधा / (Record no. 56284)

MARC details
000 -LEADER
fixed length control field 01027nam a22002417a 4500
005 - DATE AND TIME OF LATEST TRANSACTION
control field 20081117123210.0
008 - FIXED-LENGTH DATA ELEMENTS--GENERAL INFORMATION
fixed length control field 081117t xxu||||| |||| 00| 0 hin d
010 ## - LCCN (DPL NO)
LC control number HIN-93872
020 ## - INTERNATIONAL STANDARD BOOK NUMBER
Terms of availability 210.00
International Standard Book Number 9789380523224
035 ## - SYSTEM CONTROL NUMBER
System control number HN-66218
037 ## - SOURCE OF ACQUISITION
Source of stock number/acquisition DBAD / PUB
040 ## - CATALOGING SOURCE
Original cataloging agency DPL
Language of cataloging HN
082 ## - DEWEY DECIMAL CLASSIFICATION NUMBER
Classification number 920
245 ## - TITLE STATEMENT
Title भारतीय स्वतंत्रता संग्राम के अमर पुरोधा /
Statement of responsibility, etc आर.एस.आढ़ा.. (आदि)
260 ## - PUBLICATION, DISTRIBUTION, ETC. (IMPRINT)
Place of publication, distribution, etc जयपुर
Name of publisher, distributor, etc श्री प्रकाशन
Date of publication, distribution, etc 2009
270 ## - ADDRESS
Address सी-393, हंस मार्ग, मालवीय नगर
City जयपुर
300 ## - PHYSICAL DESCRIPTION
Extent 146पृ
Dimensions 22सेमी (सजिल्द)
Other physical details सचित्र
650 ## - SUBJECT ADDED ENTRY--TOPICAL TERM
9 (RLIN) 34325
650 ## - SUBJECT ADDED ENTRY--TOPICAL TERM
9 (RLIN) 34326
700 ## - ADDED ENTRY--PERSONAL NAME
Personal name आढ़ा, आर.एस.
9 (RLIN) 34327
942 ## - ADDED ENTRY ELEMENTS (KOHA)
Source of classification or shelving scheme Dewey Decimal Classification
Item type Hindi Books
Call number suffix भारती
Classification part 920
Holdings
Withdrawn status Lost status Source of classification or shelving scheme Damaged status Not for loan Collection code Home library Current library Date acquired Source of acquisition Cost, normal purchase price Total Checkouts Full call number Barcode Date last seen Copy number Cost, replacement price Koha item type
    Dewey Decimal Classification   Not For Loan Non-fiction D.B.Act.Division D.B.Act.Division 05/09/2011 DBAD / PUB 210.00   920 भारती HN-66218 05/09/2011 1 210.00 Hindi Books

© Delhi Public Library
Hit Counter
free hit counter